000 00520cam a2200145 4500500
005 20260405001514.0
041 _afre
042 _adc
100 1 0 _ade Dinechin, Olivier
_eauthor
245 0 0 _aJean-Claude Larchet , Une fin de vie paisible sans douleur et sans honte , Cerf, 2010, 261 pages, 22 €
260 _c2010.
500 _a5
786 0 _nÉtudes | Tom 413 | 11 | 2010-10-29 | p. XXXV-XXXV | 0014-1941
856 4 1 _uhttps://shs.cairn.info/revue-etudes-2010-11-page-XXXV?lang=fr&redirect-ssocas=7080
999 _c2048331
_d2048331